|
|
|
|
| LEADER |
01260nam a22002657a 4500 |
| 001 |
32202 |
| 003 |
BD-DhAAL |
| 005 |
20180219204242.0 |
| 008 |
171015s2017 bg ||||| |||| 00| 0 ben d |
| 999 |
|
|
|c 38398
|d 38398
|
| 020 |
|
|
|a 9847751161
|
| 040 |
|
|
|a BD-DhAAL
|c BD-DhAAL
|
| 082 |
|
|
|2 23
|a 954.9205092
|
| 100 |
|
|
|a সিকদার, মোঃ মানিক
|9 21405
|
| 245 |
|
|
|a আমার চোখে বঙ্গবন্ধু /
|c মোঃ মানিক সিকদার
|
| 260 |
|
|
|a ঢাকা :
|b মীরা প্রকাশন,
|c ২০১২
|
| 300 |
|
|
|a ১৭৩ পৃষ্ঠা :
|b চিত্র ;
|c ২২ সে. মি.
|
| 526 |
|
|
|a AAL
|
| 541 |
|
|
|e 32202 & 32203
|
| 600 |
|
|
|a Mujibur Rahman,
|d Sheikh
|y 1920-1975
|9 21409
|
| 651 |
|
|
|a Bangladesh
|x Politics and government
|9 21408
|
| 852 |
|
|
|a Ayesha Abed Library
|c General Stacks
|
| 942 |
|
|
|2 ddc
|c BK
|
| 952 |
|
|
|0 0
|1 0
|2 ddc
|4 0
|6 954_920509200000000_SHI
|7 0
|9 61471
|a BRACUL
|b BRACUL
|c BNC
|d 2017-10-04
|e বিভাস
|g 255.00
|l 0
|o 954.9205092 SHI
|p 3010032202
|r 2017-10-04
|t 1
|v 300.00
|w 2017-10-04
|y BK
|
| 952 |
|
|
|0 0
|1 0
|2 ddc
|4 0
|6 954_920509200000000_SHI
|7 0
|9 61472
|a BRACUL
|b BRACUL
|c BNC
|d 2017-10-04
|e বিভাস
|g 255.00
|l 0
|o 954.9205092 SHI
|p 3010032203
|r 2017-10-04
|t 2
|v 300.00
|w 2017-10-04
|y BK
|